| Поле | Название | Значение |
| |
Тип записи |
a |
| |
Библиографический уровень |
m |
| 001 |
Контрольный номер |
aac501b741ef4203b471891b3c3e9875 |
| 005 |
Дата корректировки |
20140616150022.3 |
| 010 |
Индекс ISBN |
__ |
| a |
ISBN |
5-94798-095-9 |
| 200 |
Заглавие и сведения об ответственности |
1_ |
| a |
Заглавие |
Бухгалтерский учет товарных операций в оптовой и розничной торговле |
| e |
Сведения, относящиеся к заглавию |
Учеб.-практ.пособие |
| f |
Первые сведения об ответственности |
Р.Н.Челюбеева,Н.Т.Волкова,А.С.Писаренко;Моск.ун-т потреб.кооп.Каф.бух.учета |
| 210 |
Выходные данные |
1_ |
| a |
Место издания |
М. |
| c |
Издательство |
Издат.Дом"Дашков и К'" |
| d |
Дата издания |
2002 |
| 215 |
Физическое описание |
__ |
| a |
Объем |
111 с. |
| 610 |
Ключевые слова |
0_ |
| a |
Ключевые слова |
бухгалтерский учет в организациях оптовой торговли |
| 610 |
Ключевые слова |
0_ |
| a |
Ключевые слова |
бухгалтерский учет товарных операций |
| 610 |
Ключевые слова |
0_ |
| a |
Ключевые слова |
бухгалтерский учет тары |
| 610 |
Ключевые слова |
0_ |
| a |
Ключевые слова |
оптовая торговля |
| 610 |
Ключевые слова |
0_ |
| a |
Ключевые слова |
розничная торговля |
| 610 |
Ключевые слова |
0_ |
| a |
Ключевые слова |
учебно-практ.пособие |
| 686 |
Индексы других классификаций |
__ |
| a |
Классификационный индекс |
65.052 |
| 2 |
Код системы |
rubbk |
| 686 |
Индексы других классификаций |
__ |
| a |
Классификационный индекс |
65.052.9(2)242я73 |
| 2 |
Код системы |
rubbk |
| 701 |
Альтернативная интеллектуальная ответственность |
_1 |
| a |
Фамилия |
Челюбеева Раиса Тимофеевна |
| 701 |
Альтернативная интеллектуальная ответственность |
_1 |
| a |
Фамилия |
Волкова Нина Тимофеевна |
| 701 |
Альтернативная интеллектуальная ответственность |
_1 |
| a |
Фамилия |
Писаренко Антонина Сергеевна |
| 801 |
Источник записи |
_0 |
| a |
Страна |
RU |
| b |
Организация |
РУК |
| c |
Дата составления |
20050113 |
| g |
Правила каталогизации |
PSBO |
| 801 |
Источник записи |
_1 |
| a |
Страна |
RU |
| b |
Организация |
РУК |
| c |
Дата составления |
20050113 |
| g |
Правила каталогизации |
PSBO |
| 852 |
Данные о местонахождении |
__ |
| i |
Авторский знак |
Ч-41 |
| j |
Шифр хранения |
ББК 65.052 |
| 901 |
Тип документа |
__ |
| t |
Тип документа |
m |
| 938 |
Служебная информация |
__ |
| a |
Название организации |
Головной вуз |
| b |
Имя БД |
BOOK |
| c |
Название АИБС |
АИБС ИРБИС |